banner-ar

الازهر و الخلافة الاسلامية فى العصر الحديث : (Record no. 60046)

MARC details
000 -الفاتح
حقل البيانات ثابتة الطول 01159nam a22003017a 4500
005 - وقت وتاريخ اخر تعامل مع التسجيلة
رقم الضبط 20240530110350.0
008 - عناصر البيانات ثابتة الطول - معلومات عامة
حقل البيانات ثابتة الطول 141217s2003 ua do f 000 0 ara d
017 ## - رقم الايداع القانونى
رقم الايداع القانونى 7855/2003
المصدر ( الهيئة المختصة) مصر . دار الكتب المصرية
020 ## - الرقم الدولى المعيارى للكتب
الرقم الدولى المعيارى للكتاب 9771028736
040 ## - مصدر الفهرسة
وكالة الفهرسة الأصلية EG-CaGPL
041 0# - رمز اللغة
رمز لغة النص/ المسارات الصوتية أو العنوان الانفرادي ara
082 04 - رقم تصنيف ديوى العشرى
رقم الطبعة 21
رقم التصنيف 215.962
رقم المادة ق/ف أ
100 0# - المدخل الرئيسى - إسم شخصى
الإسم الشخصى فتحى احمد شلبى
245 12 - بيان العنوان
العنوان الازهر و الخلافة الاسلامية فى العصر الحديث :
بقية العنوان دراسة تاريخية و ثائقية /
بيان المسئوليه,etc فتحى احمد شلبى
250 ## - بيان الطبعة
بيان الطبعة ط1
260 ## - PUBLICATION, DISTRIBUTION, ETC. (IMPRINT)
تاريخ النشر أو التوزيع 2003
300 ## - الوصف المادى
التعداد 487 ص :
تفاصيل ماديه اخرى للوعاء ايض ؛
أبعاد الوعاء 24 سم
650 04 - المدخل الاضافى بالموضوع-مصطلح موضوعى
مصطلح موضوعي الازهر
650 04 - المدخل الاضافى بالموضوع-مصطلح موضوعى
مصطلح موضوعي الخلافة الاسلامية
650 04 - المدخل الاضافى بالموضوع-مصطلح موضوعى
مصطلح موضوعي الاسلام
التقسيم الفرعي العام نظام الحكم فى
650 04 - المدخل الاضافى بالموضوع-مصطلح موضوعى
مصطلح موضوعي الاسلام و السياسة
650 04 - المدخل الاضافى بالموضوع-مصطلح موضوعى
مصطلح موضوعي الازهر
650 04 - المدخل الاضافى بالموضوع-مصطلح موضوعى
مصطلح موضوعي الاسلام
التقسيم الفرعي العام نظام الحكم فى
التقسيم الفرعي الجغرافي تركيا
651 04 - المدخل الاضافى بالموضوع - اسم جغرافى
الاسم الجغرافي تركيا
التقسيم الفرعي العام تاريخ
-- الخلافة الاسلامية
653 04 - مصطلح تكشيفى غير مقيد
مصطلح غير مقيد الخلافة الاسلامية فى العصر الحديث
942 ## - عناصر المدخل الإضافي( كوها)
مصدر التصنيف او مخطط الترفيف Dewey Decimal Classification
Koha [default] item type كتاب
260 ## - PUBLICATION, DISTRIBUTION, ETC. (IMPRINT)
-- القاهرة :
-- [ د. ن ]
Holdings
حالة التراجع حالة الفقد حالة تلف ليس للاعارة المكان المؤقت الموقع الحالى تاريخ الاكتساب اجمالي اﻻعارات رقم الطلب الباركود تاريخ اخر مشاهدة تاريخ تفعيل السعر نوع وعاء كوها
        مكتبة القاهرة الكبرى مكتبة القاهرة الكبرى 12/17/2014   215.962 ق/ف أ 159030 12/17/2014 12/17/2014 كتاب

Powered By

EGPV